00392nam a22001337a 450000500170000000800410001702000150005804000130007308200190008610000190010524500810012426000420020530000110024720170214105934.0170119b xxu||||| |||| 00| 0 eng d a0954117905 cPK-LaUMT a301.092bSTO-B aStone, Maureen aBlack woman walking:ba different experience of world travel/cMaureen Stone aCornwall:bBeagay publications,c2002 a394 p.